| 000 | 00544 a2200157 4500 | ||
|---|---|---|---|
| 999 |
_c325 _d325 |
||
| 008 | 221010b ||||| |||| 00| 0 eng d | ||
| 020 | _a978185609747 | ||
| 082 | 0 | 0 |
_a387.5448 _bS5789 |
| 100 | _aMcGuire and White | ||
| 245 | _aLiquefied gas handling principles on ships and in terminals | ||
| 260 |
_aBermuda: _bSociety of International Gas Tanker & Terminal Operators Ltd, _c2016. |
||
| 300 | _axxxix, 527 p. | ||
| 650 | 0 | _aLiquefied gas carriers | |
| 710 |
_95060 _aSociety of International Gas Tanker and Terminal Operators |
||
| 942 |
_2ddc _cBK |
||